South Korea 1st Division Football Clubs Crests - Statistics

General Stats
  • This quiz has been taken 12 times
  • The average score is 10 of 12
Answer Stats
Picture Answer % Correct
FC Seoul
100%
Gangwon FC
91%
Pohang Steelers
91%
Daegu FC
82%
Gwangju FC
82%
Suwon FC
82%
Ulsan Hyundai
82%
Daejeon Hana Citizen
73%
Incheon United
73%
Jeju United
73%
Jeonbuk Hyundai Motors
73%
Gimcheon Sangmu
55%
No matching quizzes found
Score Distribution
Percent of People with Each Score
Percentile by Number Answered
Your Score History
You have not taken this quiz